[Event "Montigny le Bretonneux op 25th"]
[Site "Montigny le Bretonneux"]
[Date "2023.05.20"]
[Round "6"]
[White "Chevallier, Stephane"]
[Black "Privat, Jean Claude"]
[Result "1-0"]
[WhiteElo "1617"]
[BlackElo "1465"]
[PlyCount "65"]
[EventDate "2023.05.18"]
[EventType "swiss"]
[EventRounds "9"]
[EventCountry "FRA"]
[SourceTitle "CBM 214 Extra"]
[Source "ChessBase"]
[SourceDate "2023.07.31"]
[SourceVersion "1"]
[SourceVersionDate "2023.07.31"]
[SourceQuality "1"]

1. c4 c5 2. Nc3 Nf6 3. g3 g6 4. Bg2 Bg7 5. Nf3 Nc6 6. 0-0 0-0 7. a3 d5 8. cxd5 Nxd5 9. Rb1 Bf5 10. Ra1 Nxc3 11. bxc3 Qc7 12. Nh4 Bd7 13. Qc2 Qc8 14. Rb1 b6 15. d3 Bh3 16. e3 Bxg2 17. Nxg2 Ne5 18. f3 Qc6 19. Qe2 Rad8 20. d4 cxd4 21. cxd4 Nd7 22. Bb2 Qd5 23. Nf4 Qb7 24. Kg2 e5 25. dxe5 Bxe5 26. Bxe5 Nxe5 27. e4 Rc8 28. Rfc1 Rxc1 29. Rxc1 Rc8 30. Rd1 Qc6 31. Nd5 Qc2 32. Ne7+ Kg7 33. Rd2 1-0

[Event "Montigny le Bretonneux op 24th"]
[Site "Montigny le Bretonneux"]
[Date "2022.05.28"]
[Round "4"]
[White "Privat, Jean Claude"]
[Black "Nacer Bey, Moussa"]
[Result "0-1"]
[WhiteElo "1527"]
[BlackElo "1571"]
[PlyCount "72"]
[EventDate "2022.05.26"]
[EventType "swiss"]
[EventRounds "9"]
[EventCountry "FRA"]
[SourceTitle "CBM 208 Extra"]
[Source "ChessBase"]
[SourceDate "2022.07.31"]
[SourceVersion "1"]
[SourceVersionDate "2022.07.31"]
[SourceQuality "1"]

1. d4 f5 2. Nf3 Nf6 3. g3 d5 4. Bg2 e6 5. 0-0 Be7 6. c4 c6 7. b3 0-0 8. Ba3 Nbd7 9. Bxe7 Qxe7 10. Nbd2 Qd6 11. c5 Qc7 12. Rc1 f4 13. Qc2 Ng4 14. Ng5 Ndf6 15. Ngf3 fxg3 16. hxg3 Bd7 17. Qc3 Rae8 18. Ne5 Nxe5 19. dxe5 Ng4 20. Nf3 Re7 21. Qd4 Nh6 22. Bh3 Nf5 23. Qd3 Be8 24. Bxf5 Rxf5 25. Qe3 Bh5 26. Kg2 Bxf3+ 27. exf3 Qxe5 28. Qxe5 Rxe5 29. Rfe1 Rxe1 30. Rxe1 Kf7 31. f4 h5 32. Kh3 Kf6 33. Kh4 g6 34. f3 e5 35. fxe5+ Rxe5 36. Rd1 Re2 0-1

[Event "Montigny le Bretonneux op 24th"]
[Site "Montigny le Bretonneux"]
[Date "2022.05.26"]
[Round "3"]
[White "Montay, Jean Paul"]
[Black "Privat, Jean Claude"]
[Result "0-1"]
[WhiteElo "1283"]
[BlackElo "1527"]
[PlyCount "82"]
[EventDate "2022.05.26"]
[EventType "swiss"]
[EventRounds "9"]
[EventCountry "FRA"]
[SourceTitle "CBM 208 Extra"]
[Source "ChessBase"]
[SourceDate "2022.07.31"]
[SourceVersion "1"]
[SourceVersionDate "2022.07.31"]
[SourceQuality "1"]

1. c4 c6 2. Nf3 d5 3. cxd5 cxd5 4. d4 Nf6 5. Nc3 Nc6 6. a3 Bf5 7. g3 e6 8. Bg2 a6 9. 0-0 Be7 10. b4 0-0 11. Re1 Rc8 12. Bb2 h6 13. Nh4 Bh7 14. Nf3 Nb8 15. Ne5 Nbd7 16. Nxd7 Qxd7 17. e4 dxe4 18. Nxe4 Nxe4 19. Bxe4 Bxe4 20. Rxe4 Bf6 21. Qd2 Qd5 22. f3 Rc4 23. Rc1 Rfc8 24. Rxc4 Rxc4 25. Qe3 Rc2 26. Bc3 Qa2 27. Kf1 Rxh2 28. Qg1 Rc2 29. Qe3 Qc4+ 30. Ke1 Qxc3+ 31. Qxc3 Rxc3 32. d5 Rxa3 33. dxe6 fxe6 34. Rxe6 Bc3+ 35. Ke2 Bd4 36. g4 b6 37. f4 a5 38. f5 Rg3 39. Rg6 Kf7 40. g5 Rxg5 41. Rxg5 hxg5 0-1

[Event "Montigny le Bretonneux op 21st"]
[Site "Montigny le Bretonneux"]
[Date "2017.05.25"]
[Round "1"]
[White "Privat, Jean Claude"]
[Black "Montay, Jean Paul"]
[Result "1/2-1/2"]
[WhiteElo "1633"]
[BlackElo "1343"]
[PlyCount "61"]
[EventDate "2017.05.25"]
[EventType "swiss"]
[EventRounds "9"]
[EventCountry "FRA"]
[SourceTitle "EXT 2020"]
[Source "ChessBase"]
[SourceDate "2019.10.17"]
[SourceVersion "1"]
[SourceVersionDate "2019.10.17"]
[SourceQuality "1"]

1. d4 d5 2. c4 e6 3. Nc3 Nf6 4. Bg5 Bb4 5. e3 c6 6. Qb3 Be7 7. Nf3 0-0 8. Bd3 Nbd7 9. 0-0 c5 10. cxd5 cxd4 11. exd4 Nb6 12. Rac1 Nbxd5 13. Nxd5 Nxd5 14. Bxe7 Qxe7 15. Rfe1 Qb4 16. Qc2 h6 17. a3 Qd6 18. Qd2 Bd7 19. Ne5 Nf6 20. Nxd7 Qxd7 21. Qf4 Rac8 22. Bb1 Nd5 23. Qe4 Nf6 24. Qd3 Rxc1 25. Rxc1 Rc8 26. Rd1 e5 27. Qf5 Qxf5 28. Bxf5 Rd8 29. d5 Rxd5 30. Rxd5 Nxd5 31. Bc8 1/2-1/2

[Event "Montigny le Bretonneux 1hKO 20th"]
[Site "Montigny le Bretonneux"]
[Date "2016.05.07"]
[Round "5.12"]
[White "Privat, Jean Claude"]
[Black "Charron, Thomas"]
[Result "1-0"]
[WhiteElo "1627"]
[BlackElo "1406"]
[PlyCount "159"]
[EventDate "2016.05.05"]
[EventType "swiss"]
[EventRounds "7"]
[EventCountry "FRA"]
[SourceTitle "EXT 2024"]
[Source "ChessBase"]
[SourceDate "2023.10.10"]
[SourceVersion "1"]
[SourceVersionDate "2023.10.10"]
[SourceQuality "1"]

1. d4 Nf6 2. c4 g6 3. Nc3 Bg7 4. e4 d6 5. Be2 0-0 6. Nf3 Re8 7. Be3 Nbd7 8. 0-0 e5 9. d5 b6 10. b4 Bb7 11. Qb3 a5 12. a3 Ng4 13. Bd2 c5 14. bxa5 Ba6 15. Nb5 Bxb5 16. Qxb5 bxa5 17. Rfb1 Ngf6 18. Bd3 Re7 19. h3 Ne8 20. Qb2 Rb8 21. Qc1 Rb6 22. Bxa5 Qb8 23. Bxb6 Nxb6 24. Rb3 Nc7 25. Rab1 Nca8 26. Qb2 Rb7 27. a4 Ra7 28. Rxb6 Nxb6 29. Qxb6 Qxb6 30. Rxb6 Rxa4 31. Rxd6 Ra1+ 32. Bf1 Bf8 33. Rd8 f6 34. g4 h6 35. h4 Kf7 36. Rd7+ Ke8 37. Rb7 Ra3 38. Kg2 g5 39. hxg5 hxg5 40. Rb6 Be7 41. Rb8+ Kf7 42. Rb7 Ke8 43. Ne1 Rc3 44. Kg1 Kd8 45. Ng2 Rf3 46. Ne3 Rf4 47. Kg2 Rxe4 48. Kf3 Rf4+ 49. Kg3 Rd4 50. Nf5 Rd1 51. Nxe7 Rxf1 52. Nc6+ Kc8 53. Rf7 Rg1+ 54. Kf3 e4+ 55. Kxe4 Rxg4+ 56. Kd3 Rh4 57. Rxf6 Rh3+ 58. Kc2 Kc7 59. Ne5 Rh5 60. Rc6+ Kd8 61. Nd3 g4 62. Rg6 Rh4 63. Kc3 Ke7 64. Rc6 Rh3 65. Rxc5 g3 66. fxg3 Rxg3 67. Rc6 Kd7 68. Kd4 Rg4+ 69. Kc5 Rg3 70. Ne5+ Kd8 71. Nf7+ Kd7 72. Re6 Rg7 73. Ne5+ Kd8 74. Kd6 Kc8 75. Nc6 Kb7 76. Re7+ Rxe7 77. Nxe7 Kb6 78. c5+ Kb5 79. c6 Ka4 80. c7 1-0